Регионална библиотека "Любен Каравелов" - Русе

Песни от душа (Запис номер 317511)

MARC детайли
000 -Лидер
Контролно поле с фиксирана дължина ncm a22 a 4500
003 - Код на организацията, давaща контролен номер
Контролно поле BLK
005 - Дата и час на последна редакция
Контролно поле 20220211134018.0
008 - Елементи от данни с фиксирана дължина
fixed length control field 180414b bul |a|er|||| |0| c|bulo|
010 ## - Наследен системен номер
LC control number NOT00003331000
040 ## - Източник на каталожния запис
Идентификатор на билиотеката - собственик на записа BLK
041 ## - Код за език
Код за езика на текст/звукозапис или на отделно заглавие Български
Код за езика КДБФ Български
080 ## - УДК
Текстов определител УДК Вокална музика
УДК код - определител по УДК 784
УДК определител (497.215)
УДК - код + определител 784(497.215)
100 1# - Редна дума - Автор
Автор Тодорова, Славка Р.
Авторска отговорност първи автор
R(LIN) 362977
139 ## - Редно поле
Редна дума Тодорова, Славка Р.
Авторски знак Тодо - Т 64
245 10 - Сведения за заглавието
Заглавие Песни от душа
Редно поле (дума) Славка Р. Тодорова.
257 ## - Страна на издаване
Страна на създаване/издаване България
260 ## - Област на издателските данни
Година на издаване 2010
Място на издаване, разпространение и проч. Русе
380 ## - Жанр
Жанр Изкуство
505 ## - Форматирана забележка
Заглавие Чуден град
505 ## - Форматирана забележка
Заглавие Русе
505 ## - Форматирана забележка
Заглавие Дружба - квартал млад
505 ## - Форматирана забележка
Подзаглавни данни На Уста Кольо Фичето
Заглавие Българско знаме
505 ## - Форматирана забележка
Подзаглавни данни Муз. балада за Баба Тонка
Заглавие Майка бунтовница
505 ## - Форматирана забележка
Заглавие Родила ме мама
505 ## - Форматирана забележка
Заглавие Русенска девойка
505 ## - Форматирана забележка
Заглавие Русчуклийка
505 ## - Форматирана забележка
Заглавие Пущи ма, мале
505 ## - Форматирана забележка
Заглавие Леле - мале
505 ## - Форматирана забележка
Заглавие Цвето моме
505 ## - Форматирана забележка
Заглавие Една е баба
505 ## - Форматирана забележка
Заглавие Хайде на лозе
505 ## - Форматирана забележка
Заглавие Сирни заговезни
505 ## - Форматирана забележка
Заглавие Коледа
505 ## - Форматирана забележка
Заглавие Шанс за всеки
852 ## - Местоположение
Форматна сигнатура Цб М 2016
Част 17
852 ## - Местоположение
Форматна сигнатура К 78/С 64
856 4# - Електронен адрес и достъп
Електронен формат pdf - файл
Път до файла /url/
856 4# - Електронен адрес и достъп
Електронен формат pdf - файл
Път до файла /url/
999 ## - СИСТЕМНИ КОНТРОЛНИ НОМЕРА
Koha biblionumber 317511
Koha biblioitemnumber 317511
942 ## - АРТИКУЛИ
Вид на библиотечния материал Нотни издания
Скрит в OPAC Не
Периодичен библиозапис Да
944 ## - СЪЗДАВАНЕ И РЕДАКЦИЯ на ЗАПИСА
Създаване/Редакция Създаване
Дата на регистрацията/редакция 23.03.2012
Служител, извършил регистрацията/редакцията Валя_Йорданова
944 ## - СЪЗДАВАНЕ И РЕДАКЦИЯ на ЗАПИСА
Създаване/Редакция Редакция
Дата на регистрацията/редакция 23.03.2012
944 ## - СЪЗДАВАНЕ И РЕДАКЦИЯ на ЗАПИСА
Създаване/Редакция Редакция
Дата на регистрацията/редакция 2020-04-01
Служител, извършил регистрацията/редакцията Ренета Константинова
999 ## - СИСТЕМНИ КОНТРОЛНИ НОМЕРА
Koha biblioitemnumber 317511
999 ## - СИСТЕМНИ КОНТРОЛНИ НОМЕРА
Koha biblioitemnumber 317511
999 ## - СИСТЕМНИ КОНТРОЛНИ НОМЕРА
Koha biblioitemnumber 317511
Наличности
Код за отписване Код за изгубен артикул Източник на класификационната схема Код за повреда Коз за рестрикции Код за отдаване Артикулен № Име на библиотеката - собственик Име на библиотеката, в която се намира в момента Статус (Текущо местоположение) Дата на вписване в системата Местоположение - отдел Цена в лева Инвентарен номер Систематично азбучна сигнатура Баркод Номер на екземпляра Цена в евро Служебна бележка Служебен тип на артикула
  Не е изгубен Universal Decimal Classification Не е повреден без рестрикции ползва се в читалня 670478 Регионална библиотека "Любен Каравелов" Русе Регионална библиотека "Любен Каравелов" Русе Краезнание 2012-03-23 Краезнание 4.00 170000004073 К 78/С 64 170000004073 1 2.05 Дост: DA Вид: А N: 5 Дата: 23.03.2012 Бележки инв: Валя_Йорда Съставил: Валя_Йорданова Нотни издания
  Не е изгубен Universal Decimal Classification Не е повреден без рестрикции заемане за дома 670479 Регионална библиотека "Любен Каравелов" Русе Регионална библиотека "Любен Каравелов" Русе Отдел Изкуство - подръчен фонд 2012-03-23 Отдел Изкуство - подръчен фонд 4.00 170000004074 784/Т 64 С 170000004074 2 2.05 Дост: DA Вид: А N: 5 Дата: 23.03.2012 Бележки инв: Валя_Йорда Съставил: Валя_Йорданова Нотни издания
Vip Innovations Ltd, Rousse, Bulgaria 2025